Music Quiz

Random Music or Song Quiz

Fill in the Lyrics II Quiz Stats

 Plays Quiz Updated Nov 29, 2018

Support Sporcle.
Go Orange.
Score 0/20 Timer 05:00
6 Plays Today
% Correct
Waitress
94.7%
Hand
92%
Fandango
88%
Jive
86.6%
Childhood
84.8%
Lipstick
81.3%
Language
78.6%
Sugar
73.8%
Dying
72.9%
Sitting
72.7%
% Correct
Reservation
72%
Carnival
65.6%
Light
44.3%
Homeroom
41.9%
Yo-yos
36%
Skimming
31.9%
Tongue
31.5%
Streetlight
29.4%
Refrigerator
23.5%
Hysterical
16.4%

You're not logged in!

Compare scores with friends on all Sporcle quizzes.
OR
Log In
Forgot?

From the Vault

Celebrity NCAA Fans

by Scuba_Steve

These celebs represent more than just themselves.
Remove Ads.
Support Sporcle.
Get the best of Sporcle when you Go Orange. This ad-free experience offers more features, more stats, and more fun while also helping to support Sporcle. Thank you for becoming a member.

Show Comments

Extras

Top Quizzes Today


Score Distribution

Your Account Isn't Verified!

In order to create a playlist on Sporcle, you need to verify the email address you used during registration. Go to your Sporcle Settings to finish the process.

Report this User

Report this user for behavior that violates our Community Guidelines.

Details: